ბათუმის შოთა რუსთაველის სახელმწიფო უნივერსიტეტის ბიბლიოთეკა

Происхождение видов (ბიბ.ჩანაწერი № 45787)

000 -LEADER
fixed length control field 00763nam a2200229Ia 4500
001 - CONTROL NUMBER
control field 12615
003 - CONTROL NUMBER IDENTIFIER
control field GE_BSU
008 - FIXED-LENGTH DATA ELEMENTS--GENERAL INFORMATION
fixed length control field 181216s||||||||xx |||||||||||||| ||und||
040 ## - CATALOGING SOURCE
Transcribing agency GE_BSU
080 ## - UNIVERSAL DECIMAL CLASSIFICATION NUMBER
Universal Decimal Classification number 575.827.2
100 ## - MAIN ENTRY--PERSONAL NAME
Personal name Дарвин,Чарлз
245 ## - TITLE STATEMENT
Title Происхождение видов
245 ## - TITLE STATEMENT
Statement of responsibility, etc. Перевод и вводная статья К.А.Тимирязева. Вступит. статья и общ.ред.Ф.А.Дворянкина
260 ## - PUBLICATION, DISTRIBUTION, ETC.
Place of publication, distribution, etc. Москва
260 ## - PUBLICATION, DISTRIBUTION, ETC.
Name of publisher, distributor, etc. Сельхозгиз
260 ## - PUBLICATION, DISTRIBUTION, ETC.
Date of publication, distribution, etc. 1952
300 ## - PHYSICAL DESCRIPTION
Extent 483стр.27см.
300 ## - PHYSICAL DESCRIPTION
Dimensions указатель имен с.451
300 ## - PHYSICAL DESCRIPTION
Accompanying material Предметный указатель стр.465
653 ## - INDEX TERM--UNCONTROLLED
Uncontrolled term Происхождение видов
942 ## - ADDED ENTRY ELEMENTS (KOHA)
Koha item type წიგნი
ეგზემპლარები
Withdrawn status Lost status Damaged status Not for loan Date acquired Barcode Date last seen Price effective from Koha item type
        2018-12-17 20557 2018-12-17 2018-12-17 წიგნი